01239nam a2200337 i 4500001000300000003000400003005001700007008003900024020001500063020001600078040000800094080000700102080001000109080001500119245020300134246002800337260003900365300005900404504003600463655001700499650001500516650002800531700003200559700005200591700004500643710002400688856009800712942001200810999001700822952006200839bgBPK20201027131519.0 s2000 pl a |000 0 pol a8387621773 a8386600373  cBPK a39 a316.7 a(02.025.2)00aWielka encyklopedia geografii świata.nT.18,pŚwiat grup etnicznych /cMichael Abdalla [et al.] ; pod red. Aleksandra Posern-Zielińskiego ; kom. nauk. Andrzej Kostrzewski (przewodn.) [et al.].30aŚwiat grup etnicznych aPoznań :b"Kurpisz",ccop. 2000. aVI, 360 s. :bfot. kolor., mapy, rys., wykr. ;c30 cm. aBibliogr. s. 354-355. - Indeks. aEncyklopedia 4aEtnografia 4aAntropologia społeczna1 aAbdalla, Michaeld(1952- ).1 aPosern-Zieliński, Aleksanderd(1943- ).eRed.1 aKostrzewski, Andrzejd(1939- )eRedakcja2 aWydawnictwo Kurpisz uhttp://koha.tu.koszalin.pl/cgi-bin/koha/opac-detail.pl?biblionumber=37264yKatalog online BPK cKS2UKD c37264d37264 00104071aBPKbBPKcco53110p01480399t0/9(03) E.LyKS